IMPRO: modelo informatizado para la evaluación del impacto ambiental
Gardado en:
| Main Authors: | , , , , , , |
|---|---|
| Formato: | Libro |
| Idioma: | Lingua castelá |
| Publicado: |
Madrid
Agrícola Española
1991
|
| Subjects: | |
| Tags: |
Engadir etiqueta
Sen Etiquetas, Sexa o primeiro en etiquetar este rexistro!
|
MARC
| LEADER | 00000nam a2200000 a 4500 | ||
|---|---|---|---|
| 001 | UCN9986 | ||
| 003 | CL-VaPUC | ||
| 008 | 020103e19910000SP |||||||||||||||||spa|d | ||
| 082 | 0 | 4 | |a 333.714 |b GOM |2 21 |
| 100 | |a Gómez Orea, Domingo |e author |9 579881 | ||
| 700 | 0 | |a Aguado Abril, Jaime |e author |9 466553 | |
| 700 | 0 | |a Quintana Otero, Alvaro |e author |9 466554 | |
| 700 | 0 | |a Villarino Valdivielso, Teresa |e author |9 466555 | |
| 700 | 0 | |a Escobar Gómez, Gabriel |e author |9 466556 | |
| 700 | 0 | |a Herrera Rueda, Macarena |e author |9 466557 | |
| 700 | 0 | |a Barcenas Soriano, César |e author |9 466558 | |
| 245 | 1 | 0 | |a IMPRO: modelo informatizado para la evaluación del impacto ambiental |
| 300 | |a 196 p | ||
| 942 | |c BK | ||
| 945 | |d 20020103 00:00:00 |a cmena | ||
| 260 | |a Madrid |b Agrícola Española |c 1991 | ||
| 500 | |a Incluye diskette | ||
| 500 | |a ALGUNOS EJEMPLARES EN INST.DE GEOGRAFIA POR PROY.MINEDUC | ||
| 650 | 0 | |a Impacto ambiental |9 262796 | |
| 650 | 0 | |a Aplicaciones de computadores |9 260401 | |
| 650 | 0 | |a Software |9 387312 | |
| 583 | |a last modification |c 20020103 00:00:00 |k Rodrigo Vera | ||
| 999 | |c 299065 |d 299063 | ||
| 952 | |0 0 |1 0 |4 0 |6 333_714000000000000_GOM_1991 |7 0 |8 A |9 355198 |a BIBING |b BIBING |d 2019-11-21 |i 3786110 |o 333.714 GOM 1991 |p 3786110 |r 2025-01-20 |w 2019-11-21 |y BK |k GEO | ||